000 01218nab a2200217 i 4500
001 768714001
003 CO-MdFUSB
005 20240426102638.0
008 240426t1986 us ||||| |||| 00| 0 eng d
040 _bspa
_cCO-MdFUSB
_dCO-MdFUSB
041 _aeng
100 _aHarrison, Gary,
_eautor
245 _aThe making of a good little church
_c/ Gary Harrison
300 _aVolumen 7, número 3 (summer, 1986), páginas: 92 - 96
_c; 27 cm
520 _aUna iglesia pequeña está bien informada sobre sus limitaciones, recursos financieros e insatisfacción. Y cualquier ministro de iglesia pequeña enfrentan en un momento estas crisis. Entonces, ¿puede un pastor con recursos limitados, un puñado de personas y, a menudo, desánimo o desesperación marcar la diferencia, especialmente cuando los presupuestos limitan la experimentación?. Sobre el anterior cuestionamiento se reflexionará en este artículo.
546 _aTexto en inglés.
650 0 _aFinanzas de la Iglesia
_91119
650 7 _aLiderazgo
_xAspectos religiosos
_xCristianismo
_97270
773 0 _068780
_982552
_oR2486
_tLeadership :
_w(CO-MdFUSB)768714001
_gVolumen 7, número 3 (summer, 1986), páginas: 92 - 96
_qpágina: 92
942 _cANA
999 _c69404
_d69404